[Event "SV Ahlen 1 - SV Bottrop 1"]
[Site "Verbandsliga - Gruppe 1 2018/"]
[Date "2019.03.10"]
[Round "7.6"]
[White "Busche, Klaus"]
[Black "Jaeger, Heinz"]
[Result "1/2-1/2"]
[WhiteElo "1927"]
[BlackElo "1966"]
[Annotator "Daniel"]
[PlyCount "159"]
[EventDate "2019.??.??"]

1. d4 d5 2. Bf4 e6 3. e3 Nf6 4. Nd2 c5 5. c3 Nc6 6. Bd3 Bd6 7. Bxd6 Qxd6 8. f4
cxd4 9. cxd4 O-O 10. a3 b6 11. Ngf3 Bb7 12. O-O Rac8 13. Qe2 Ne7 14. Rfc1 Rc7
15. Rxc7 Qxc7 16. Nb3 Rc8 $11 17. h3 Ne4 18. Rc1 Qd6 19. Rxc8+ Nxc8 20. Nfd2
Qc7 21. Nxe4 dxe4 22. Qc2 Qxc2 23. Bxc2 Bd5 24. Nd2 Nd6 25. Kf2 f5 26. Ke2 Kf7
27. b3 Kf6 28. Nb1 h6 29. a4 Nb7 30. Kd2 Na5 31. Kc3 Nc6 32. Na3 Ke7 33. Bd1
Kd7 34. Be2 Kc7 35. Nb5+ Kd7 36. Na3 Kc7 37. Bb5 Ne7 38. Bc4 Kb7 39. Nb5 Nc8
40. Kd2 Kc6 41. Kc3 Kb7 42. Be2 g6 43. h4 h5 44. Na3 Kc7 45. Nc2 Kd6 46. Na3
Kc7 47. Kb4 a5+ 48. Kc3 Ne7 49. Bb5 Bc6 50. Bc4 Bd5 51. Be2 Kd6 52. Nb5+ Kc6
53. Bd1 Kd7 54. Na3 Kc7 55. Be2 Kd6 56. Bc4 Kd7 57. Nb1 Kc7 58. Nd2 Bxc4 59.
bxc4 Kc6 60. Nf1 Kd6 61. Ng3 Kc6 62. Nh1 Kd6 63. Nf2 Ng8 64. Nh3 Nf6 65. Ng5
Ng4 66. Kd2 Nh6 67. Ke2 Ng8 68. Nf7+ Kc7 69. Ne5 Ne7 70. Kd2 Kd6 71. Kc3 Kc7
72. Nf7 Kc6 73. d5+ exd5 74. Kd4 dxc4 75. Ne5+ Kd6 76. Nxc4+ Kc6 77. Ne5+ Kd6
78. Nc4+ Kc6 79. Ne5+ Kd6 80. Nc4+ 1/2-1/2

[Event "SV Ahlen 1 - SV Bottrop 1"]
[Site "Verbandsliga - Gruppe 1 2018/"]
[Date "2019.03.10"]
[Round "7.7"]
[White "Huestegge, Ulrich"]
[Black "Starp, Klaus"]
[Result "1/2-1/2"]
[WhiteElo "1826"]
[BlackElo "1906"]
[Annotator "Daniel"]
[PlyCount "89"]
[EventDate "2019.??.??"]

1. c4 c5 2. Nc3 Nc6 3. g3 g6 4. Bg2 Bg7 5. d3 e5 6. e4 d6 7. Nge2 Nge7 8. O-O
O-O 9. h3 Be6 10. Be3 Nd4 11. f4 Qd7 12. Kh2 f5 13. Nd5 Rf7 14. fxe5 dxe5 15.
Nxd4 exd4 $11 16. Bg5 Bxd5 17. exd5 h6 18. Bd2 Kh7 19. Qe2 Rd8 20. Rae1 Nc8 21.
Qe6 Re7 22. Qxd7 Rdxd7 23. Rxe7 Rxe7 24. Re1 Rxe1 25. Bxe1 Be5 26. b4 b6 27.
bxc5 bxc5 28. h4 g5 29. hxg5 hxg5 30. Bd2 Kg6 31. Bf3 f4 32. g4 Bc7 33. Kg2 Kf6
34. Bd1 Nd6 35. Bc1 Ke5 36. Ba4 Ba5 37. Ba3 Bb6 38. Kf3 Nc8 39. Ke2 Ne7 40. Bb3
Ng8 41. Kf3 Nf6 42. Bc1 Ba5 43. Ba3 Kd6 44. Bc1 Ke5 45. Ba3 1/2-1/2

[Event "SV Ahlen 1 - SV Bottrop 1"]
[Site "Verbandsliga - Gruppe 1 2018/"]
[Date "2019.03.10"]
[Round "7.8"]
[White "Wagner, Ralf"]
[Black "Tochtrop, Lothar"]
[Result "1/2-1/2"]
[WhiteElo "1797"]
[BlackElo "1830"]
[PlyCount "30"]
[EventDate "2019.??.??"]

1. e4 c5 2. Nf3 e6 3. d4 cxd4 4. Nxd4 Nf6 5. Nc3 Nc6 6. a3 Be7 7. Be2 O-O 8.
O-O d5 9. exd5 exd5 10. Be3 Re8 11. Nb3 Bf5 12. Nd4 Nxd4 13. Bxd4 a6 14. Bf3
Ne4 15. Bg4 Nxc3 1/2-1/2

[Event "SV Bönen 1 - Dortmunder SV 1"]
[Site "Verbandsliga - Gruppe 2 2018/"]
[Date "2019.03.10"]
[Round "7.1"]
[White "Wichtrup, Jan-Louis"]
[Black "Schlottmann, Fabian"]
[Result "1/2-1/2"]
[WhiteElo "2010"]
[BlackElo "2300"]
[PlyCount "112"]
[EventDate "2019.??.??"]

1. d4 d5 2. c4 e6 3. Nc3 Nf6 4. Bg5 c6 5. e3 Nbd7 6. cxd5 exd5 7. Bd3 Bd6 8.
Qc2 h6 9. Bh4 O-O 10. Nf3 Re8 11. O-O Nb6 12. Bg3 Bxg3 13. hxg3 Qe7 14. Rab1
Ne4 15. b4 Nd6 16. Nd2 Be6 17. Na4 Nbc4 18. Bxc4 dxc4 19. Nc5 Bf5 20. e4 Nxe4
21. Ncxe4 Bxe4 22. Nxe4 Qxe4 23. Qxc4 Rad8 24. Rfd1 Qd5 25. Qc5 b6 26. Qxd5
Rxd5 27. Rbc1 Rd6 28. Kf1 Re4 29. Rc4 f6 30. Rd3 b5 31. Rc5 Rdxd4 32. Rxd4 Rxd4
33. Rxc6 Rxb4 34. Ra6 Ra4 35. Rxa4 bxa4 36. Ke2 Kf7 37. Kd3 Kg6 38. Ke4 Kg5 39.
a3 h5 40. Kd5 f5 41. Ke6 f4 42. Kf7 fxg3 43. fxg3 Kg4 44. Kxg7 Kxg3 45. Kg6
Kxg2 46. Kxh5 Kf3 47. Kh4 Ke3 48. Kg3 Kd3 49. Kf2 Kc3 50. Ke1 Kb3 51. Kd2 Kxa3
52. Kc1 Ka2 53. Kc2 a3 54. Kc1 Kb3 55. Kb1 a2+ 56. Ka1 Ka3 1/2-1/2

[Event "SV Bönen 1 - Dortmunder SV 1"]
[Site "Verbandsliga - Gruppe 2 2018/"]
[Date "2019.03.10"]
[Round "7.3"]
[White "Mallee, Ralph"]
[Black "Fuest, Torsten"]
[Result "1-0"]
[WhiteElo "2073"]
[BlackElo "1871"]
[PlyCount "71"]
[EventDate "2019.??.??"]

1. e4 c5 2. c3 g6 3. d4 cxd4 4. cxd4 d5 5. e5 Nc6 6. Nc3 Bg7 7. Be2 Nh6 8. Nf3
Bg4 9. O-O Nf5 10. Ne1 Bxe2 11. Nxe2 Qb6 12. Nf3 O-O 13. g4 Nh6 14. h3 Kh8 15.
Nc3 e6 16. Na4 Qc7 17. Be3 Ng8 18. Nc5 b6 19. Nd3 f6 20. Rc1 Qd7 21. exf6 Nxf6
22. Nfe5 Nxe5 23. Nxe5 Qb5 24. Qc2 Rae8 25. b3 Qa6 26. a4 Rc8 27. Qd3 Qxd3 28.
Nxd3 Ne4 29. Kg2 Rc3 30. Rxc3 Nxc3 31. Nf4 Re8 32. Rc1 e5 33. Rxc3 exf4 34.
Bxf4 Bxd4 35. Rd3 Be5 36. Re3 1-0

[Event "SV Bönen 1 - Dortmunder SV 1"]
[Site "Verbandsliga - Gruppe 2 2018/"]
[Date "2019.03.10"]
[Round "7.4"]
[White "Merz, Martin"]
[Black "Hüttemann, Karl-Heinz"]
[Result "1/2-1/2"]
[WhiteElo "2014"]
[BlackElo "2006"]
[PlyCount "34"]
[EventDate "2019.??.??"]

1. d4 d5 2. Nf3 Nf6 3. c4 e6 4. g3 c6 5. Bg2 Nbd7 6. O-O dxc4 7. Qc2 Be7 8.
Qxc4 O-O 9. Nc3 Nd5 10. Bd2 N5b6 11. Qb3 c5 12. Be3 c4 13. Qc2 Nd5 14. Bd2 N7b6
15. e4 Nb4 16. Qb1 Bd7 17. Be3 Qc8 1/2-1/2

[Event "SV Bönen 1 - Dortmunder SV 1"]
[Site "Verbandsliga - Gruppe 2 2018/"]
[Date "2019.03.10"]
[Round "7.5"]
[White "Canzler, Harald"]
[Black "Helmert, Jochen"]
[Result "1/2-1/2"]
[WhiteElo "1978"]
[BlackElo "1900"]
[PlyCount "21"]
[EventDate "2019.??.??"]

1. Nf3 d5 2. g3 Nf6 3. Bg2 Bg4 4. O-O Nbd7 5. d3 c6 6. Nbd2 e5 7. h3 Bxf3 8.
Bxf3 Bc5 9. e4 dxe4 10. Nxe4 Nxe4 11. Bxe4 1/2-1/2

[Event "SV Bönen 1 - Dortmunder SV 1"]
[Site "Verbandsliga - Gruppe 2 2018/"]
[Date "2019.03.10"]
[Round "7.6"]
[White "Schötz, Hans-Joachim"]
[Black "Brockmann, Fabian"]
[Result "1-0"]
[WhiteElo "1883"]
[BlackElo "1951"]
[PlyCount "41"]
[EventDate "2019.??.??"]

1. e4 c5 2. Nf3 g6 3. d4 cxd4 4. Nxd4 Bg7 5. Be3 Nc6 6. Nc3 Nf6 7. f3 O-O 8.
Qd2 d5 9. Nxc6 bxc6 10. O-O-O Be6 11. exd5 Nxd5 12. Nxd5 cxd5 13. Bd4 Bxd4 14.
Qxd4 Qa5 15. Rd3 Rfc8 16. Ra3 Qe1+ 17. Qd1 Rxc2+ 18. Kxc2 Rc8+ 19. Rc3 Bf5+ 20.
Bd3 Bxd3+ 21. Kxd3 1-0

[Event "SV Bönen 1 - Dortmunder SV 1"]
[Site "Verbandsliga - Gruppe 2 2018/"]
[Date "2019.03.10"]
[Round "7.7"]
[White "Wolff, Torsten"]
[Black "Mönkemeyer, Maik"]
[Result "1/2-1/2"]
[WhiteElo "1870"]
[BlackElo "1739"]
[PlyCount "45"]
[EventDate "2019.??.??"]

1. d4 g6 2. Nf3 Bg7 3. g3 d6 4. Bg2 Nf6 5. O-O O-O 6. c4 Nbd7 7. Qc2 c5 8. Nbd2
cxd4 9. Nxd4 a6 10. b4 Qb6 11. e3 Qxb4 12. Rb1 Qc5 13. Bxb7 Bxb7 14. Rxb7 Rfb8
15. Rxb8+ Rxb8 16. Qa4 Rb6 17. Ba3 Qc8 18. Rc1 Nc5 19. Qa5 Nfd7 20. N4b3 Rc6
21. Nd4 Rb6 22. N4b3 Rc6 23. Nd4 1/2-1/2

[Event "SV Bönen 1 - Dortmunder SV 1"]
[Site "Verbandsliga - Gruppe 2 2018/"]
[Date "2019.03.10"]
[Round "7.8"]
[White "Wegner, Stephan"]
[Black "Köhler, Eckart"]
[Result "0-1"]
[WhiteElo "1700"]
[BlackElo "1882"]
[PlyCount "128"]
[EventDate "2019.??.??"]

1. e4 d5 2. Nf3 Bg4 3. Be2 Nf6 4. e5 Nfd7 5. d4 e6 6. Ng5 Bxe2 7. Qxe2 c5 8. c3
cxd4 9. cxd4 Nc6 10. Nf3 Qb6 11. Be3 Be7 12. O-O O-O 13. Nc3 Rac8 14. Rfc1 a6
15. Rab1 Na5 16. Nd2 Qa7 17. a3 Nb6 18. Qd3 Rc6 19. Rc2 Rfc8 20. Rbc1 Nbc4 21.
Nxc4 Rxc4 22. Nb1 b5 23. b3 Rxc2 24. Rxc2 Rxc2 25. Qxc2 Qb7 26. Kf1 Nc6 27. Ke2
f6 28. f4 Qc8 29. Kd1 f5 30. b4 Qe8 31. Qe2 Nd8 32. Nc3 Qc6 33. Qc2 Qb7 34. Qd3
Nc6 35. Bf2 Nb8 36. Nb1 Nd7 37. Nd2 Nb6 38. Nb3 Nc4 39. Qc3 Qc6 40. Nc5 Bxc5
41. bxc5 h6 42. Bh4 Qe8 43. Qf3 b4 44. Kc1 bxa3 45. Qb3 a5 46. Be1 Kh7 47. Bc3
a4 48. Qc2 Qb5 49. g4 Ne3 50. Qd2 Nc4 51. Qc2 g6 52. gxf5 gxf5 53. h3 Kg7 54.
Qg2+ Kf7 55. Qe2 Qb3 56. Qc2 Qb5 57. h4 Nb2 58. Kd2 Qf1 59. Bxb2 Qxf4+ 60. Kd1
Qf1+ 61. Kd2 axb2 62. Qxb2 Qf2+ 63. Kc3 Qxb2+ 64. Kxb2 f4 0-1

[Event "SF Essen-Katernberg  3 - SG Gladbeck 1"]
[Site "Verbandsliga - Gruppe 2 2018/"]
[Date "2019.03.10"]
[Round "7.1"]
[White "Mancic, Ivan"]
[Black "Rosen, Willy"]
[Result "0-1"]
[WhiteElo "2172"]
[BlackElo "2084"]
[PlyCount "66"]
[EventDate "2019.??.??"]

1. d4 Nf6 2. c4 e6 3. g3 Bb4+ 4. Bd2 Qe7 5. Bg2 Nc6 6. Nf3 Bxd2+ 7. Nbxd2 O-O
8. O-O d6 9. e4 e5 10. d5 Nb8 11. Ne1 c6 12. Nd3 a5 13. b3 Bg4 14. f3 Bd7 15.
f4 cxd5 16. fxe5 Nxe4 17. Nxe4 dxe4 18. Bxe4 Nc6 19. Qc2 dxe5 20. Rae1 f6 21.
c5 Nd4 22. Qc3 Be6 23. Nf4 Rfd8 24. Nxe6 Nxe6 25. Rc1 Nd4 26. Qc4+ Kh8 27. a3
Qd7 28. Rf2 Nc6 29. b4 axb4 30. axb4 Ra4 31. Rb1 Qg4 32. Qb5 Qxe4 33. Rbf1 Rxb4
0-1

[Event "SF Essen-Katernberg  3 - SG Gladbeck 1"]
[Site "Verbandsliga - Gruppe 2 2018/"]
[Date "2019.03.10"]
[Round "7.2"]
[White "Krueger, Erich"]
[Black "Frohne, Gerd"]
[Result "1-0"]
[WhiteElo "2018"]
[BlackElo "2046"]
[PlyCount "69"]
[EventDate "2019.??.??"]

1. d4 e6 2. c4 Nf6 3. Nc3 Bb4 4. Nf3 O-O 5. Bg5 h6 6. Bh4 d5 7. e3 Nbd7 8. cxd5
exd5 9. Be2 c6 10. O-O Re8 11. Qc2 Nf8 12. Bd3 Be7 13. Rab1 a5 14. a3 Ne4 15.
Bxe7 Qxe7 16. Bxe4 dxe4 17. Nd2 f5 18. d5 Ng6 19. Nc4 Nh4 20. Kh1 Ra6 21. b4
axb4 22. axb4 cxd5 23. Nxd5 Qf7 24. b5 Rg6 25. Nf4 Rf6 26. Rbd1 g5 27. Nd5 Rg6
28. Qc3 Rge6 29. Ncb6 Rxb6 30. Nxb6 Be6 31. Qd4 Ng6 32. Nd7 Bb3 33. Nf6+ Kf8
34. Nxe8 Bxd1 35. Nd6 1-0

[Event "SF Essen-Katernberg  3 - SG Gladbeck 1"]
[Site "Verbandsliga - Gruppe 2 2018/"]
[Date "2019.03.10"]
[Round "7.3"]
[White "Berg, Dietmar"]
[Black "Nautsch, Werner"]
[Result "0-1"]
[WhiteElo "1965"]
[BlackElo "2020"]
[PlyCount "66"]
[EventDate "2019.??.??"]

1. d4 d5 2. Nf3 Bg4 3. Ne5 Bf5 4. e3 Nd7 5. f4 f6 6. Bd3 Bxd3 7. Nxd3 e6 8. O-O
Bd6 9. Nd2 Nh6 10. e4 O-O 11. exd5 exd5 12. Qh5 c6 13. Qh3 f5 14. Nf3 c5 15. c3
cxd4 16. Nxd4 Bc5 17. Nxc5 Nxc5 18. Be3 Qe7 19. Rae1 Ne4 20. Nb3 Qf7 21. Kh1
Ng4 22. Qh4 Rfe8 23. Bd4 Re6 24. Rxe4 dxe4 25. Bg1 Rae8 26. h3 e3 27. Nd4 Rh6
28. Qg3 Qd5 29. Nf3 Nf6 30. Ne5 e2 31. Re1 Nh5 32. Qg5 Nxf4 33. Ng4 Qxg2# 0-1

[Event "SF Essen-Katernberg  3 - SG Gladbeck 1"]
[Site "Verbandsliga - Gruppe 2 2018/"]
[Date "2019.03.10"]
[Round "7.4"]
[White "Geerlings, Gerd"]
[Black "Holtkamp, Matthias"]
[Result "1-0"]
[WhiteElo "2024"]
[BlackElo "1918"]
[PlyCount "79"]
[EventDate "2019.??.??"]

1. Nf3 e6 2. g3 Nf6 3. Bg2 d5 4. O-O g6 5. b3 Bg7 6. Bb2 O-O 7. c4 dxc4 8. bxc4
c6 9. d4 Nbd7 10. Qc2 Re8 11. e4 Qb6 12. e5 Ng4 13. h3 Nh6 14. Nbd2 f5 15. c5
Qd8 16. Nc4 Nf7 17. Nd6 Nxd6 18. cxd6 Nb6 19. Bc3 Nd5 20. Bd2 Bd7 21. Rab1 b5
22. Rfc1 Qb6 23. Qc5 Qa6 24. Rc2 Rac8 25. Ne1 Nb6 26. Nd3 Nc4 27. Rb3 Qa4 28.
Qb4 Qxb4 29. Rxb4 a5 30. Rbxc4 bxc4 31. Nc5 Red8 32. Bxa5 Kf7 33. Bxd8 Rxd8 34.
Nxd7 Rxd7 35. Bxc6 Ra7 36. a4 Bh6 37. Bb5 Ra8 38. Rxc4 g5 39. Rc7+ Kg6 40. Re7
1-0

[Event "SF Essen-Katernberg  3 - SG Gladbeck 1"]
[Site "Verbandsliga - Gruppe 2 2018/"]
[Date "2019.03.10"]
[Round "7.5"]
[White "Rickert, Stefan"]
[Black "Stremmel, Ralf"]
[Result "1/2-1/2"]
[WhiteElo "1903"]
[BlackElo "2035"]
[Annotator "Daniel"]
[PlyCount "68"]
[EventDate "2019.??.??"]

1. e4 d5 2. exd5 Nf6 3. d4 Bg4 4. Nf3 Nxd5 5. c4 Nb6 6. Be3 Nc6 7. Be2 g6 8. h3
Bxf3 9. Bxf3 Bg7 10. Bxc6+ bxc6 11. Na3 O-O 12. Qd2 e5 13. dxe5 $11 Qxd2+ 14.
Kxd2 Bxe5 15. Kc2 f5 16. Rad1 Rfd8 17. Rhe1 Rxd1 18. Rxd1 Re8 19. g3 Na4 20.
Bc1 Rb8 21. b3 Nc5 22. Nb1 Ne4 23. Be3 a5 24. a4 Re8 25. Rd3 Bd6 26. Bd4 Ng5
27. h4 Ne6 28. Bc3 Bc5 29. Rd2 Bb6 30. Bb2 Nc5 31. Nc3 Rb8 32. Ba3 Ba7 33. Bxc5
Bxc5 34. f3 Re8 1/2-1/2

[Event "SF Essen-Katernberg  3 - SG Gladbeck 1"]
[Site "Verbandsliga - Gruppe 2 2018/"]
[Date "2019.03.10"]
[Round "7.7"]
[White "Wenzel, Martin"]
[Black "Sauer, Bernd"]
[Result "1-0"]
[WhiteElo "1943"]
[BlackElo "1919"]
[PlyCount "57"]
[EventDate "2019.??.??"]

1. e4 c6 2. Ne2 d5 3. e5 Bf5 4. Ng3 Bg6 5. e6 Qd6 6. exf7+ Bxf7 7. d4 Nd7 8. f4
Ngf6 9. Be2 h5 10. h4 g6 11. O-O Bg7 12. Nd2 Ng4 13. Nf3 Qf6 14. f5 Qd6 15. Qe1
O-O-O 16. c3 e5 17. Ng5 Bg8 18. fxg6 exd4 19. Bxg4 hxg4 20. Nf5 Qc5 21. Nxg7
dxc3+ 22. Be3 d4 23. N5e6 Bxe6 24. Nxe6 Qd5 25. Nxd8 dxe3 26. Nf7 e2 27. Qxe2
Rxh4 28. Qe8+ Kc7 29. Qd8# 1-0

[Event "SF Essen-Katernberg  3 - SG Gladbeck 1"]
[Site "Verbandsliga - Gruppe 2 2018/"]
[Date "2019.03.10"]
[Round "7.8"]
[White "Gallas, Noel"]
[Black "Winzbeck, Frank"]
[Result "1/2-1/2"]
[WhiteElo "1871"]
[BlackElo "1877"]
[PlyCount "59"]
[EventDate "2019.??.??"]

1. e4 c5 2. c3 d5 3. exd5 Qxd5 4. d4 Nc6 5. Nf3 Bg4 6. Be2 e6 7. O-O Nf6 8. Be3
cxd4 9. cxd4 Be7 10. Nc3 Qa5 11. Qb3 Qb4 12. Qxb4 Bxb4 13. Rad1 O-O 14. h3 Bh5
15. d5 exd5 16. Nxd5 Rfd8 17. Nxf6+ gxf6 18. a3 Ba5 19. g4 Bg6 20. Nd4 Nxd4 21.
Rxd4 Re8 22. Ra4 Bb6 23. Bxb6 Rxe2 24. Bd4 f5 25. Rxa7 Rxa7 26. Bxa7 fxg4 27.
hxg4 Rxb2 28. Re1 f5 29. gxf5 Bxf5 30. Bc5 1/2-1/2

[Event "SF Werden - SV Recklinghausen Süd"]
[Site "?"]
[Date "2019.03.10"]
[Round "7"]
[White "Beckmann, Klaus"]
[Black "Kaufeld, Jürgen"]
[Result "0-1"]
[WhiteElo "2121"]
[BlackElo "2197"]
[PlyCount "104"]

1. d4 d5 2. Nf3 Nf6 3. c4 e6 4. Nc3 Bb4 5. e3 O-O 6. Bd3 dxc4 7. Bxc4 c5 8. O-O
Nc6 9. a3 Ba5 10. Qd3 Qe7 11. dxc5 Rd8 12. Qc2 Qxc5 13. Ne4 Qf5 14. Nxf6+ Qxf6
15. b4 Bc7 16. Bb2 e5 17. b5 Na5 18. Bd3 Qe7 19. Bxh7+ Kh8 20. Bf5 g6 21. Bxc8
Raxc8 22. Qe4 Re8 23. Qa4 b6 24. Rac1 Kg8 25. Bc3 Bd6 26. Bxa5 Rxc1 27. Rxc1
bxa5 28. Qxa5 Bxa3 29. Rc6 Bc5 30. Qc3 Bb6 31. g3 e4 32. Nd4 Qe5 33. Qc4 Kg7
34. Ne2 Rd8 35. Nf4 Rd1+ 36. Kg2 Rd2 37. Ne2 Qb2 38. Qc3+ Qxc3 39. Nxc3 Bxe3
40. Nxe4 Rb2 41. g4 Bb6 42. g5 Rxb5 43. Rc8 Rd5 44. f4 Rd8 45. Rc6 Rb8 46. Nf6
Bd4 47. Rd6 Bxf6 48. gxf6+ Kf8 49. h4 Ke8 50. Ra6 Rb6 51. Rxa7 Rxf6 52. Kg3 Kf8
0-1

[Event "SF Werden - SV Recklinghausen Süd"]
[Site "?"]
[Date "2019.03.10"]
[Round "7"]
[White "Roth, Markus"]
[Black "Callenberg, Ralf"]
[Result "1/2-1/2"]
[WhiteElo "2171"]
[BlackElo "1996"]
[PlyCount "133"]

1. c4 Nf6 2. g3 g6 3. Bg2 Bg7 4. Nf3 d5 5. cxd5 Nxd5 6. Nc3 O-O 7. O-O c5 8.
Nxd5 Qxd5 9. d3 Nc6 10. Be3 Qd6 11. Rc1 b6 12. d4 Ba6 13. dxc5 bxc5 14. Rxc5
Rac8 15. Qa4 Nb8 16. Rd1 Qe6 17. Rxc8 Rxc8 18. Nd4 Qc4 19. Qxc4 Bxc4 20. b3
Bxd4 21. Rxd4 Bxe2 22. Bb7 Re8 23. Rd2 Bb5 24. a4 Bc6 25. Bxc6 Nxc6 26. Rc2 Nb4
27. Rc7 a5 28. Bc5 Nd5 29. Ra7 Rb8 30. Rxa5 Rxb3 31. Bd4 Nf6 32. Ra8+ Kg7 33.
g4 Rb4 34. Rd8 g5 35. a5 Ra4 36. Bb6 Nxg4 37. Kg2 Ne5 38. Rd4 Nc4 39. Bd8 Kf6
40. Rd7 Nxa5 41. Rxe7 Rg4+ 42. Kf1 Nc6 43. Rd7+ Nxd8 44. Rxd8 Kg6 45. Rg8+ Kh6
46. Rf8 Kg7 47. Rb8 f6 48. h3 Rf4 49. Kg2 Kg6 50. Rg8+ Kh5 51. Kg3 Rb4 52. Rf8
Kg6 53. Rc8 Rb3+ 54. Kg2 h5 55. Ra8 Rb5 56. Kg3 Kf5 57. Kg2 Rb4 58. Ra6 Ke5 59.
Kg3 h4+ 60. Kg2 f5 61. Ra3 g4 62. Kg1 Kf4 63. Kg2 Rd4 64. Rb3 Rd2 65. hxg4 fxg4
66. Rb4+ Kf5 67. Rb5+ 1/2-1/2

[Event "SF Werden - SV Recklinghausen Süd"]
[Site "?"]
[Date "2019.03.10"]
[Round "7"]
[White "Höfker, Matthias"]
[Black "ter Steeg, Marcus"]
[Result "1-0"]
[WhiteElo "2078"]
[BlackElo "2068"]
[PlyCount "97"]

1. d4 d5 2. Nf3 Nf6 3. c4 e6 4. cxd5 exd5 5. Nc3 c6 6. Bg5 Be7 7. e3 Nbd7 8.
Qc2 h6 9. Bh4 Nh5 10. Bg3 Nxg3 11. hxg3 Nf6 12. Bd3 Be6 13. Ng5 Qd6 14. Nxe6
Qxe6 15. a3 a5 16. Bf5 Qd6 17. Na4 Qc7 18. Rc1 Rd8 19. Nc5 Bxc5 20. Qxc5 Rd6
21. O-O O-O 22. b4 axb4 23. axb4 g6 24. Bd3 Nd7 25. Qc3 b6 26. Bb5 Nb8 27. Ba4
Rc8 28. Rc2 Qb7 29. Rfc1 Re6 30. Qd3 Qa7 31. Bb3 Rd6 32. b5 Qa3 33. Rc3 Qb2 34.
Rb1 Qa3 35. Bxd5 Qa5 36. Bxf7+ Kxf7 37. Ra3 Qxa3 38. Qxa3 c5 39. Rc1 Nd7 40.
Qa7 Kf6 41. Rc4 Re8 42. dxc5 Rd1+ 43. Kh2 Ne5 44. Rf4+ Kg5 45. Qxb6 h5 46. Qf6+
Kh6 47. f3 Nd3 48. g4 hxg4 49. Rxg4 1-0

[Event "SF Werden - SV Recklinghausen Süd"]
[Site "?"]
[Date "2019.03.10"]
[Round "7"]
[White "Berger, Konstantin"]
[Black "Herud, Martin"]
[Result "1/2-1/2"]
[WhiteElo "2059"]
[BlackElo "2008"]
[PlyCount "113"]

1. e4 c5 2. Nf3 d6 3. Bb5+ Nd7 4. O-O a6 5. Bd3 Ngf6 6. Re1 e6 7. c3 Be7 8. Bc2
O-O 9. d4 b5 10. a4 Bb7 11. Na3 b4 12. Nc4 Nxe4 13. dxc5 Nexc5 14. cxb4 d5 15.
Na5 Qb6 16. bxc5 Qxa5 17. b4 Qc7 18. Ng5 Nf6 19. Bb2 h6 20. Be5 Qc6 21. Qd3 Ne4
22. Nxe4 dxe4 23. Qg3 f6 24. Bxe4 Qc8 25. c6 Bxc6 26. Rec1 Bxe4 27. Rxc8 Rfxc8
28. Bd6 Bxd6 29. Qxd6 Rc6 30. Qd4 Rac8 31. h4 Bd5 32. h5 Rc4 33. Qb6 Rh4 34.
Qxa6 Rcc4 35. Qb5 Rcg4 36. f3 Bxf3 37. Ra2 Bd5 38. Rb2 f5 39. a5 f4 40. a6 f3
41. Qxd5 exd5 42. a7 Kh7 43. a8=Q fxg2 44. Rxg2 Rxg2+ 45. Kxg2 Rxb4 46. Qxd5
Rg4+ 47. Kf3 Rg5 48. Qe4+ Kg8 49. Qe8+ Kh7 50. Kf4 Ra5 51. Qe2 Rg5 52. Qd1 Kg8
53. Qd8+ Kf7 54. Qd1 Kg8 55. Qd7 Kf8 56. Qd8+ Kf7 57. Qd7+ 1/2-1/2

[Event "SF Werden - SV Recklinghausen Süd"]
[Site "?"]
[Date "2019.03.10"]
[Round "7"]
[White "Mecklenburg, Roland"]
[Black "Claussen, Uwe"]
[Result "1/2-1/2"]
[WhiteElo "1983"]
[BlackElo "2005"]
[PlyCount "141"]

1. b3 b6 2. Bb2 Bb7 3. c4 e6 4. e3 Nf6 5. Nf3 d5 6. Be2 dxc4 7. bxc4 c5 8. O-O
Be7 9. Ne5 O-O 10. f4 Nc6 11. d3 Qc7 12. Nxc6 Bxc6 13. e4 a6 14. Nd2 b5 15. Qe1
bxc4 16. Nxc4 Bb5 17. Rc1 Bxc4 18. Rxc4 Qb6 19. Ba1 Nd7 20. Qg3 f6 21. Qh3 Rf7
22. Bg4 Nf8 23. Bh5 g6 24. Bf3 Rd8 25. Be2 Rb8 26. Qe3 Qa5 27. Rc2 Nd7 28. Rfc1
Bf8 29. Bg4 Re7 30. d4 cxd4 31. Bxd4 f5 32. Be2 Bg7 33. Bc4 Bxd4 34. Qxd4 Qb6
35. Qxb6 Rxb6 36. exf5 gxf5 37. Bb3 Nf8 38. Rc5 Kg7 39. Rd1 Kf6 40. Rc8 Ng6 41.
g3 e5 42. fxe5+ Rxe5 43. Rcd8 Kg5 44. Kf2 a5 45. R1d4 Rb7 46. R8d6 Kh6 47. Rd7
Rxd7 48. Rxd7 Ne7 49. Kf3 Kg5 50. Rd6 Ng6 51. Bg8 Kh6 52. h4 Kg7 53. h5 Nh4+
54. gxh4 Kxg8 55. Ra6 Kg7 56. h6+ Kf7 57. Kf4 Re6 58. Ra7+ Kg6 59. Rxa5 Re4+
60. Kf3 Rxh4 61. Ra6+ Kg5 62. a4 Rh3+ 63. Kg2 Ra3 64. Kf2 f4 65. Ra7 Kxh6 66.
Rf7 Rxa4 67. Kf3 Kg5 68. Rxh7 Ra3+ 69. Kf2 Ra2+ 70. Kf3 Ra3+ 71. Kf2 1/2-1/2

[Event "SF Werden - SV Recklinghausen Süd"]
[Site "?"]
[Date "2019.03.10"]
[Round "7"]
[White "Hütte, Stefan"]
[Black "Hajra, Hetem"]
[Result "0-1"]
[WhiteElo "2013"]
[BlackElo "1937"]
[PlyCount "90"]

1. d4 d5 2. Bg5 g6 3. e3 Bg7 4. Be2 Nf6 5. Nd2 c6 6. c3 Nbd7 7. Ngf3 Qb6 8. Qc2
c5 9. O-O e6 10. h3 O-O 11. Bf4 Re8 12. Bh2 a6 13. a4 Bf8 14. Kh1 c4 15. Rfb1
Bd6 16. Ne5 Qc7 17. f4 Ra7 18. g4 Nb8 19. g5 Nfd7 20. Qd1 Nxe5 21. fxe5 Be7 22.
Bf4 b5 23. Nf1 b4 24. Nh2 Qa5 25. Qe1 Rb7 26. Ng4 Nd7 27. Nf6+ Nxf6 28. gxf6
Bf8 29. Qh4 Kh8 30. Bh6 bxc3 31. Bxf8 Rxf8 32. Qh6 Rg8 33. bxc3 Qxc3 34. Bf1
Rb3 35. Re1 Bd7 36. Rac1 Qd2 37. Rcd1 Qf2 38. Rb1 Bxa4 39. Rxb3 Bxb3 40. Rc1 a5
41. Bg2 c3 42. Rf1 Qe2 43. e4 dxe4 44. Rf4 c2 45. Rf1 e3 0-1

[Event "SF Werden - SV Recklinghausen Süd"]
[Site "?"]
[Date "2019.03.10"]
[Round "7"]
[White "Parado, Dominador"]
[Black "Rehfeldt, Jens"]
[Result "1-0"]
[WhiteElo "1905"]
[BlackElo "1929"]
[PlyCount "89"]

1. c4 e5 2. Nc3 Bb4 3. g3 Bxc3 4. dxc3 d6 5. Bg2 f5 6. e4 Nf6 7. exf5 Bxf5 8.
Bxb7 Nbd7 9. Bg2 Nc5 10. Bc6+ Nfd7 11. Kf1 Rb8 12. b4 Nd3 13. Be3 O-O 14. Qd2
Nb6 15. a4 Kh8 16. Bxb6 Rxb6 17. Bd5 Qf6 18. Ra2 e4 19. a5 Rbb8 20. h4 Rbe8 21.
Kg2 Ne5 22. b5 h6 23. Qe3 Ng4 24. Qxa7 e3 25. f3 Nf2 26. Qd4 Nxh1 27. Kxh1 Qg6
28. Kh2 Bb1 29. Re2 Qd3 30. a6 Qxd4 31. cxd4 Bd3 32. Re1 Rf5 33. Bc6 Rd8 34. a7
Bxc4 35. a8=Q Rxa8 36. Bxa8 Rxb5 37. Rxe3 Rb2+ 38. Kh3 d5 39. Bc6 h5 40. Re1
Rd2 41. Be8 Rxd4 42. Bxh5 Kh7 43. Ne2 Rd2 44. Nf4 Rc2 45. Bg6+ 1-0

[Event "SF Werden - SV Recklinghausen Süd"]
[Site "?"]
[Date "2019.03.10"]
[Round "7"]
[White "Bury, Tobias"]
[Black "Stahlhofen, Thomas"]
[Result "1-0"]
[WhiteElo "1871"]
[BlackElo "1800"]
[PlyCount "53"]

1. d4 d5 2. c4 e6 3. Nc3 c6 4. e4 dxe4 5. Nxe4 Nf6 6. Nxf6+ Qxf6 7. Nf3 h6 8.
Bd3 Bd6 9. O-O Nd7 10. Re1 O-O 11. Qe2 Re8 12. Qe4 Nf8 13. Bd2 Ng6 14. Bc3 Bd7
15. Rad1 Rad8 16. Ne5 Bxe5 17. dxe5 Qe7 18. Qg4 Nf8 19. Bd2 Kh8 20. Qh5 f5 21.
exf6 Qxf6 22. Bc3 Qg5 23. Qxg5 hxg5 24. Re5 Nh7 25. Bxh7 Kxh7 26. Rxg5 g6 27.
Bf6 1-0

[Event "SV Hamm 1 - Bochumer SV 2"]
[Site "Verbandsliga - Gruppe 2 2018/"]
[Date "2019.03.10"]
[Round "7.1"]
[White "Schneider, Bernd"]
[Black "Spyrou, Emmanouil"]
[Result "1-0"]
[WhiteElo "2272"]
[BlackElo "2149"]
[PlyCount "57"]
[EventDate "2019.??.??"]

1. d4 Nf6 2. Nc3 g6 3. e4 d6 4. g3 Bg7 5. Bg2 O-O 6. Nge2 e5 7. h3 exd4 8. Nxd4
Re8 9. O-O Nbd7 10. Re1 Nc5 11. a4 a5 12. Ndb5 Bd7 13. f3 Bc6 14. Be3 b6 15.
Qd2 Qd7 16. b3 Rad8 17. Rad1 Bb7 18. Qf2 Qc8 19. g4 Nfd7 20. Nd5 Bxd5 21. exd5
Qb7 22. Bg5 Rc8 23. f4 Nf6 24. Bxf6 Bxf6 25. g5 Bg7 26. h4 Kf8 27. f5 Be5 28.
Rf1 c6 29. dxc6 1-0

[Event "SV Hamm 1 - Bochumer SV 2"]
[Site "Verbandsliga - Gruppe 2 2018/"]
[Date "2019.03.10"]
[Round "7.2"]
[White "Voss, Hubertus"]
[Black "Kraemer, Matthias"]
[Result "1/2-1/2"]
[WhiteElo "2081"]
[BlackElo "2216"]
[PlyCount "75"]
[EventDate "2019.??.??"]

1. e4 e5 2. Nf3 Nc6 3. d4 exd4 4. Bc4 Nf6 5. e5 Ng4 6. Bxf7+ Kxf7 7. Ng5+ Kg8
8. Qxg4 h6 9. Nf3 d6 10. Qg3 dxe5 11. Nxe5 Qf6 12. f4 Bf5 13. Qb3+ Kh7 14. O-O
Bc5 15. Nd3 Bb6 16. Nd2 a5 17. a4 Rhe8 18. Nf3 Re2 19. Rf2 Rae8 20. Bd2 Bg4 21.
Nfe5 Nxe5 22. fxe5 Qc6 23. Raf1 Rxf2 24. Rxf2 Be6 25. Qa3 Bc4 26. Bf4 Qe4 27.
h3 c6 28. Rf1 Bd5 29. Rf2 Re6 30. Kf1 Rg6 31. Re2 Qf5 32. g4 Qd7 33. Qf8 Be6
34. Ke1 Bc4 35. Qf5 Be6 36. Qf8 Bc4 37. Qf5 Be6 38. Qf8 1/2-1/2